[Event "VIII Iberoamericano Mexico 2022"]
[Site "Mexico City"]
[Date "2022.02.18"]
[Round "7.49"]
[White "Alvarado Rubio, Matias Uziel"]
[Black "Huguet, Sergio"]
[Result "1-0"]
[WhiteElo "1691"]
[BlackElo "1977"]
[Annotator "NA"]
[PlyCount "105"]
[EventDate "2022.02.12"]
[EventType "swiss"]
[EventCountry "MEX"]
[SourceTitle "playchess.com"]
[Source "ChessBase"]
[SourceQuality "1"]
[TimeControl "5400+30"]

1. e4 {[%emt 0:03:54]} Nf6 {[%emt 0:00:13]} 2. e5 {[%emt 0:01:25]} Nd5 {[%emt 0:00:09]} 3. c4 {[%emt 0:00:16]} Nb6 {[%emt 0:00:17]} 4. d4 {[%emt 0:00:11]} d6 {[%emt 0:00:39]} 5. exd6 {[%emt 0:00:40]} cxd6 {[%emt 0:00:54]} 6. Nf3 {[%emt 0:00:24]} g6 {[%emt 0:01:21]} 7. Be2 {[%emt 0:00:54]} Bg7 {[%emt 0:00:24]} 8. Nc3 {[%emt 0:00:54]} O-O {[%emt 0:01:04]} 9. O-O {[%emt 0:00:11]} Bg4 {[%emt 0:01:30]} 10. h3 {[%emt 0:03:19]} Bxf3 {[%emt 0:03:18]} 11. Bxf3 {[%emt 0:00:08]} Nc6 {[%emt 0:01:47]} 12. c5 {[%emt 0:00:49]} dxc5 {[%emt 0:09:04]} 13. dxc5 {[%emt 0:00:10]} Nd7 {[%emt 0:01:02]} 14. Be3 {[%emt 0:00:54]} Nde5 {[%emt 0:02:44]} 15. Be2 {[%emt 0:01:06]} Qxd1 {[%emt 0:09:56]} 16. Rfxd1 {[%emt 0:00:33]} Rfd8 {[%emt 0:02:12]} 17. f4 {[%emt 0:01:23]} Nd7 {[%emt 0:00:46]} 18. Rac1 {[%emt 0:02:05]} Nf8 {[%emt 0:10:34]} 19. Bf3 {[%emt 0:06:20]} Ne6 {[%emt 0:03:13]} 20. g4 {[%emt 0:10:53]} Rxd1+ {[%emt 0:05:09]} 21. Rxd1 {[%emt 0:00:20]} Rd8 {[%emt 0:02:21]} 22. Rxd8+ {[%emt 0:04:29]} Nexd8 {[%emt 0:01:18]} 23. a3 {[%emt 0:01:07]} Bxc3 {[%emt 0:04:42]} 24. bxc3 {[%emt 0:00:08]} Na5 {[%emt 0:03:09]} 25. Kf2 {[%emt 0:01:28]} Nc4 {[%emt 0:10:06]} 26. Bc1 {[%emt 0:00:16]} Ne6 {[%emt 0:00:16]} 27. Bd5 {[%emt 0:00:51]} Na5 {[%emt 0:01:04]} 28. Be3 {[%emt 0:00:26]} Nc7 {[%emt 0:01:17]} 29. Bf3 {[%emt 0:01:04]} e6 {[%emt 0:02:20]} 30. Bd4 {[%emt 0:04:46]} Kf8 {[%emt 0:02:27]} 31. c6 {[%emt 0:04:29]} Nxc6 {[%emt 0:04:04]} 32. Bxc6 {[%emt 0:00:08]} bxc6 {[%emt 0:00:05]} 33. Bxa7 {[%emt 0:00:12]} Nd5 {[%emt 0:01:02]} 34. c4 {[%emt 0:02:54]} Nxf4 {[%emt 0:00:28]} 35. Kf3 {[%emt 0:00:13]} e5 {[%emt 0:02:03]} 36. h4 {[%emt 0:02:35]} Ke7 {[%emt 0:01:06]} 37. g5 {[%emt 0:01:17]} Kd6 {[%emt 0:04:36]} 38. Ke4 {[%emt 0:01:11]} Ng2 {[%emt 0:00:44]} 39. Bf2 {[%emt 0:01:03]} Nf4 {[%emt 0:00:38]} 40. c5+ {[%emt 0:00:50]} Kc7 {[%emt 0:02:56]} 41. Bg3 {[%emt 0:00:40]} Ne6 {[%emt 0:01:23]} 42. Bxe5+ {[%emt 0:01:01]} Kb7 {[%emt 0:00:07]} 43. Bd6 {[%emt 0:00:54]} Ka6 {[%emt 0:00:29]} 44. Ke5 {[%emt 0:01:40]} Kb5 {[%emt 0:00:15]} 45. a4+ {[%emt 0:01:42]} Kxa4 {[%emt 0:00:32]} 46. Kf6 {[%emt 0:00:07]} Kb5 {[%emt 0:07:46]} 47. Kxf7 {[%emt 0:00:09]} Nxc5 {[%emt 0:00:00]} 48. Kg7 {[%emt 0:00:49]} Ne4 {[%emt 0:00:00]} 49. Bf4 {[%emt 0:00:23]} c5 {[%emt 0:00:00]} 50. Kxh7 {[%emt 0:00:32]} c4 {[%emt 0:00:00]} 51. Kxg6 {[%emt 0:01:06]} c3 {[%emt 0:00:00]} 52. h5 {[%emt 0:00:27]} Kc4 {[%emt 0:00:00]} 53. h6 {[%emt 0:00:12]} 1-0

[Event "VIII Iberoamericano Mexico 2022"]
[Site "Mexico City"]
[Date "2022.02.18"]
[Round "7.50"]
[White "Benito De Leo, Estefania"]
[Black "Herrera Aruca, Jorge Frank"]
[Result "1/2-1/2"]
[WhiteElo "1657"]
[BlackElo "1964"]
[Annotator "NA"]
[PlyCount "111"]
[EventDate "2022.02.12"]
[EventType "swiss"]
[EventCountry "MEX"]
[SourceTitle "playchess.com"]
[Source "ChessBase"]
[SourceQuality "1"]
[TimeControl "5400+30"]

1. e4 {[%emt 0:00:04]} e6 {[%emt 0:00:27]} 2. d4 {[%emt 0:00:06]} d5 {[%emt 0:00:04]} 3. Nd2 {[%emt 0:00:07]} c5 {[%emt 0:00:06]} 4. exd5 {[%emt 0:00:05]} exd5 {[%emt 0:00:07]} 5. Bb5+ {[%emt 0:00:26]} Nc6 {[%emt 0:00:10]} 6. Qe2+ {[%emt 0:01:17]} Qe7 {[%emt 0:00:07]} 7. dxc5 {[%emt 0:01:13]} Qxe2+ {[%emt 0:00:18]} 8. Nxe2 {[%emt 0:00:15]} Bxc5 {[%emt 0:00:07]} 9. Nb3 {[%emt 0:00:32]} Bb6 {[%emt 0:00:25]} 10. c3 {[%emt 0:02:26]} Nf6 {[%emt 0:00:10]} 11. O-O {[%emt 0:11:07]} O-O {[%emt 0:00:30]} 12. Ned4 {[%emt 0:04:44]} Bd7 {[%emt 0:01:01]} 13. Bd3 {[%emt 0:19:40]} h6 {[%emt 0:00:44]} 14. Re1 {[%emt 0:08:10]} Rfe8 {[%emt 0:00:13]} 15. Bf4 {[%emt 0:01:33]} a5 {[%emt 0:01:52]} 16. Nf3 {[%emt 0:06:49]} Bg4 {[%emt 0:01:04]} 17. Nbd4 {[%emt 0:03:47]} Ne4 {[%emt 0:02:21]} 18. Be3 {[%emt 0:02:02]} Nc5 {[%emt 0:11:58]} 19. Bc2 {[%emt 0:02:00]} Nd7 {[%emt 0:01:21]} 20. Nxc6 {[%emt 0:07:20]} bxc6 {[%emt 0:03:57]} 21. Bxb6 {[%emt 0:00:11]} Bxf3 {[%emt 0:00:54]} 22. Bxa5 {[%emt 0:03:10]} Re5 {[%emt 1:13:34]} 23. Re2 Rxe2 {[%emt 0:00:00]} 24. Rb1 {[%emt 0:25:26]} Re1+ 25. Rxe1 {[%emt 0:00:00]} Rxa5 {[%emt 0:00:00]} 26. gxf3 {[%emt 0:00:00]} Rxa2 {[%emt 0:00:00]} 27. Re8+ {[%emt 0:00:00]} Nf8 {[%emt 0:00:00]} 28. Rb8 {[%emt 0:00:00]} g6 {[%emt 0:00:00]} 29. f4 {[%emt 0:00:00]} Kg7 {[%emt 0:00:00]} 30. f5 {[%emt 0:00:00]} Nd7 {[%emt 0:00:00]} 31. Rb7 {[%emt 0:00:00]} Nc5 {[%emt 0:00:00]} 32. Rb6 {[%emt 0:00:00]} Nd7 {[%emt 0:00:00]} 33. Rb7 {[%emt 0:00:00]} Ne5 {[%emt 0:00:00]} 34. fxg6 {[%emt 0:00:00]} Nxg6 {[%emt 0:00:00]} 35. Bxg6 {[%emt 0:00:00]} Kxg6 {[%emt 0:00:00]} 36. Rb6 {[%emt 0:00:00]} f6 {[%emt 0:00:00]} 37. Rxc6 {[%emt 0:00:00]} Rxb2 {[%emt 0:00:00]} 38. Rd6 {[%emt 0:00:00]} Rb5 {[%emt 0:00:00]} 39. Kf1 {[%emt 0:00:00]} Kf5 {[%emt 0:00:00]} 40. Ke2 {[%emt 0:00:00]} Ke5 {[%emt 0:00:00]} 41. Rd8 {[%emt 0:00:00]} Kf4 {[%emt 0:00:00]} 42. Rh8 {[%emt 0:00:00]} Rb2+ {[%emt 0:00:00]} 43. Ke1 {[%emt 0:00:05]} Rb1+ {[%emt 0:00:00]} 44. Ke2 {[%emt 0:00:19]} Kg5 {[%emt 0:00:00]} 45. Rd8 {[%emt 0:00:34]} Rb5 {[%emt 0:00:00]} 46. Ke3 {[%emt 0:01:03]} Rc5 {[%emt 0:00:00]} 47. Kd4 {[%emt 0:00:46]} Rc4+ {[%emt 0:00:00]} 48. Kd3 {[%emt 0:00:24]} Rc5 {[%emt 0:00:00]} 49. Kd4 {[%emt 0:00:10]} Rc4+ {[%emt 0:00:00]} 50. Kd3 {[%emt 0:00:05]} Rh4 {[%emt 0:14:00]} 51. Rxd5+ {[%emt 0:10:04]} f5 52. c4 Rxh2 {[%emt 0:01:00]} 53. c5 {[%emt 0:01:00]} Rxf2 {[%emt 0:00:30]} 54. c6 {[%emt 0:00:30]} Ra2 {[%emt 0:00:30]} 55. c7 {[%emt 0:00:30]} Ra8 56. Rd8 1/2-1/2

[Event "VIII Iberoamericano Mexico 2022"]
[Site "Mexico City"]
[Date "2022.02.18"]
[Round "7.51"]
[White "Ruiz Ortiz, Cristian Uriel"]
[Black "Francisco Cruz, Yahir Alberto"]
[Result "0-1"]
[WhiteElo "1525"]
[BlackElo "1949"]
[Annotator "NA"]
[PlyCount "56"]
[EventDate "2022.02.12"]
[EventType "swiss"]
[EventCountry "MEX"]
[SourceTitle "playchess.com"]
[Source "ChessBase"]
[SourceQuality "1"]
[TimeControl "5400+30"]

1. e4 {[%emt 1:31:00]} e6 {[%emt 1:31:00]} 2. d4 {[%emt 0:00:30]} d5 {[%emt 0:00:30]} 3. exd5 {[%emt 0:00:30]} exd5 {[%emt 0:00:30]} 4. Nf3 {[%emt 0:00:30]} Bd6 {[%emt 0:00:30]} 5. Bd3 {[%emt 0:00:30]} Ne7 {[%emt 0:00:30]} 6. O-O {[%emt 0:00:30]} Bg4 {[%emt 0:00:30]} 7. Nbd2 {[%emt 0:00:30]} Nbc6 {[%emt 0:00:30]} 8. c3 {[%emt 0:00:30]} Qd7 {[%emt 0:00:30]} 9. b4 {[%emt 0:00:30]} O-O {[%emt 0:00:30]} 10. Be2 {[%emt 0:00:30]} Rae8 {[%emt 0:00:30]} 11. Nb3 {[%emt 0:00:30]} Ng6 {[%emt 0:00:30]} 12. Be3 {[%emt 0:00:30]} Nce7 {[%emt 0:00:30]} 13. Nfd2 {[%emt 0:00:30]} Bxe2 {[%emt 0:00:30]} 14. Qxe2 {[%emt 0:00:30]} Nf5 {[%emt 0:00:30]} 15. Nf3 {[%emt 0:00:30]} Nxe3 {[%emt 0:00:30]} 16. fxe3 {[%emt 0:00:30]} Bf4 {[%emt 0:00:30]} 17. Nc5 {[%emt 0:00:30]} Qc8 {[%emt 0:00:30]} 18. Qb5 {[%emt 0:00:30]} Bxe3+ {[%emt 0:00:30]} 19. Kh1 {[%emt 0:00:30]} b6 {[%emt 0:00:30]} 20. Nb3 {[%emt 0:00:30]} c6 {[%emt 0:00:30]} 21. Qd3 {[%emt 0:00:30]} Qg4 {[%emt 0:00:30]} 22. Ne5 {[%emt 0:00:30]} Nxe5 {[%emt 0:00:30]} 23. Qxe3 {[%emt 0:00:30]} Nc4 {[%emt 0:00:30]} 24. Qf3 {[%emt 0:00:30]} Qxf3 {[%emt 0:00:30]} 25. Rxf3 {[%emt 0:00:30]} Re2 {[%emt 0:00:30]} 26. a4 {[%emt 0:00:30]} Rfe8 {[%emt 0:00:30]} 27. a5 {[%emt 0:00:30]} Rb2 {[%emt 0:00:30]} 28. Nc1 {[%emt 0:00:30]} Re1+ {[%emt 0:00:30]} 0-1

[Event "VIII Iberoamericano Mexico 2022"]
[Site "Mexico City"]
[Date "2022.02.19"]
[Round "8.1"]
[White "Vazquez, Guillermo"]
[Black "Mareco, Sandro"]
[Result "1/2-1/2"]
[WhiteElo "2545"]
[BlackElo "2643"]
[Annotator "TA"]
[PlyCount "33"]
[EventDate "2022.02.12"]
[EventType "swiss"]
[EventCountry "MEX"]
[SourceTitle "playchess.com"]
[Source "ChessBase"]
[SourceQuality "1"]

{[%evp 10,33,15,10,8,6,15,10,14,8,22,22,23,14,11,0,20,17,21,17,12,20,16,16,20,11]} 1. e4 e5 2. Nf3 Nc6 3. Bc4 Bc5 4. O-O Nf6 5. d3 d6 6. c3 a5 {6...h6 is the modern continuation. C54: Giuoco Piano: 4 c3 Nf6, main lines with 5 d4 and 5 d3.} 7. Re1 O-O 8. h3 Be6 {[%cal Of6e4]} 9. Bb5 Ba7 10. Nbd2 {[%cal Bb1d2,Bd2f1,Bf1g3][%mdl 32]} Ne7 11. d4 Ng6 {The position is equal.} 12. Nf1 c6 13. Bd3 Nh5 14. Bc2 Nhf4 15. Ng3 {[#]} exd4 $146 ({Predecessor:} 15... Qd7 16. Nf5 f6 17. Be3 Kh8 18. dxe5 fxe5 19. Ng5 d5 20. Nxe6 Qxe6 21. Bxa7 Rxa7 {1-0 (34) Dominguez Perez,L (2752)-So,W (2772) Berlin 2022}) 16. Nxd4 Bxd4 17. cxd4 {A balanced but interesting game.  Weighted Error Value: White=0.02 (flawless) /Black=0.04 (flawless)} 1/2-1/2

[Event "VIII Iberoamericano Mexico 2022"]
[Site "Mexico City"]
[Date "2022.02.19"]
[Round "8.2"]
[White "Santos Latasa, Jaime"]
[Black "Meier, Georg"]
[Result "1-0"]
[WhiteElo "2640"]
[BlackElo "2631"]
[Annotator "TA"]
[PlyCount "67"]
[EventDate "2022.02.12"]
[EventType "swiss"]
[EventCountry "MEX"]
[SourceTitle "playchess.com"]
[Source "ChessBase"]
[SourceQuality "1"]

{[%evp 13,67,30,42,28,26,21,43,32,45,35,47,48,53,33,43,29,52,48,52,-35,52,42,47,54,44,20,45,55,53,47,53,53,53,53,54,0,0,0,122,129,108,117,120,124,324,333,338,330,325,335,431,485,618,608,725,715]} 1. e4 e6 2. d4 d5 3. Nc3 dxe4 4. Nxe4 Nd7 5. Nf3 Ngf6 6. Nxf6+ Nxf6 7. c3 {7.g3 is the modern continuation.} c5 8. Be3 {C10: French with 3 Nc3: Unusual Black 3rd moves and 3...dxe4.} (8. Ne5 {with more complications.} a6 9. Be3 Qc7 10. Qa4+ Bd7 11. Nxd7 Nxd7 12. Be2) 8... Qc7 9. Bb5+ (9. Ne5 {is interesting.} a6 10. Qa4+ Bd7 11. Nxd7 Nxd7 12. g3) 9... Bd7 10. Bxd7+ {White is slightly better.} Nxd7 11. d5 e5 12. Qc2 Bd6 {[#]} 13. O-O-O $146 ({Predecessor:} 13. Nd2 O-O 14. Ne4 c4 15. Rd1 Rfd8 16. O-O Nc5 17. Bxc5 Bxc5 18. Qe2 Bf8 19. Rd2 {0-1 (89) Svetushkin,D (2618)-Drozdovskij,Y (2567) Port Erin 2007}) 13... O-O 14. h4 {[%cal Bh2h4,Bh4h5,Bh5h6][%mdl 32]} b5 15. h5 c4 16. g4 ({White should play} 16. Nh4 $14) 16... Bc5 (16... b4 $1 $15) 17. Qf5 (17. Bxc5 Nxc5 18. h6 (18. d6 Qb7 $17) 18... g6 $11) 17... Bxe3+ 18. fxe3 {[#] Hoping for Ng5.} Qd6 19. Ng5 {[%csl Gg5][%cal Rf5h7]} Nf6 20. h6 {Threatens to win with hxg7.} g6 21. Qf3 {And now Rhf1 would win.} Rab8 22. Rhf1 Rb6 23. Rf2 a5 24. Rdf1 $40 {[%mdl 128] White mounts an attack.} (24. Qg3 $14) 24... Qe7 $11 (24... Qxd5 $2 25. Qxd5 Nxd5 26. Rxf7 Rxf7 27. Rxf7 $18) 25. Nxf7 Rxf7 (25... Qxf7 26. g5 $16) (25... e4 $1 $11 26. Qd1 (26. Qxf6 $2 Rxf6 27. Rxf6 Qc5 $19) 26... Rxf7) 26. g5 $16 b4 {[%cal Ob4c3] [#] aiming for ...bxc3!} 27. gxf6 Qf8 28. cxb4 Qxh6 $2 {Loses the game.} (28... axb4 $16 29. Qe4 Qd6) 29. Qg3 ({Weaker is} 29. bxa5 Rbxf6 30. Qe2 (30. Qxf6 Rxf6 31. Rxf6 Qxe3+ 32. Kc2 Qd3+ 33. Kc1 Qe3+ 34. Kd1 c3 $11) 30... Rxf2 31. Rxf2 Qh1+ 32. Kc2 Qe4+ 33. Kc1 Qh1+ 34. Kc2 Qe4+ 35. Kc3 Qxd5 36. Rxf7 Qxa5+ 37. Kc2 Qa4+ 38. Kc1 (38. Kc3 Kxf7 39. Qf3+ Ke8 $11) 38... Kxf7 $11) 29... axb4 30. Qxe5 Ra6 31. Kb1 {Chess con chili.} Qf8 32. Qd4 {White is clearly winning.} c3 33. e4 {[%cal Be3e4,Be4e5][%mdl 32]} Ra5 34. e5 {Prevents Qd6.  Weighted Error Value: White=0.09 (flawless) /Black=0.30} 1-0

[Event "VIII Iberoamericano Mexico 2022"]
[Site "Mexico City"]
[Date "2022.02.19"]
[Round "8.3"]
[White "Cori, Jorge"]
[Black "Cordova, Emilio"]
[Result "1/2-1/2"]
[WhiteElo "2650"]
[BlackElo "2534"]
[Annotator "TA"]
[PlyCount "34"]
[EventDate "2022.02.12"]
[EventType "swiss"]
[EventCountry "MEX"]
[SourceTitle "playchess.com"]
[Source "ChessBase"]
[SourceQuality "1"]

{[%evp 16,34,18,18,18,21,9,14,27,27,29,13,20,0,0,0,0,0,0,0,0]} 1. d4 Nf6 2. c4 e6 3. Nf3 b6 4. g3 Bb7 5. Bg2 Bb4+ 6. Bd2 Bxd2+ 7. Nbxd2 O-O 8. O-O d6 9. Qc2 c5 {E16: Queen's Indian: 4 g3 Bb7 5 Bg2 Bb4+.} 10. e4 {[#] Threatens to win with e5.} cxd4 11. Nxd4 Nc6 12. Nxc6 Bxc6 13. Rad1 Qc7 {The position is equal.} 14. Nb3 Rac8 15. Qd3 Bb7 {[#]} 16. Rc1 $146 ({Predecessor:} 16. Qxd6 Qxc4 17. f3 Qa4 18. Rf2 Ba6 19. Rfd2 Bc4 20. Nd4 Bxa2 21. e5 Ne8 22. Qa3 Qxa3 23. bxa3 {0-1 (65) Rodrigues,A (1639)-Bukharin,A (1850) Chessfriend.com 2005}) 16... Ba6 {[%cal Ra6c4]} 17. Nd2 Qc5 {Not much happened in this game.  Weighted Error Value: White=0.04 (flawless) /Black=0.01 (flawless)} 1/2-1/2

[Event "VIII Iberoamericano Mexico 2022"]
[Site "Mexico City"]
[Date "2022.02.19"]
[Round "8.4"]
[White "Rodriguez Vila, Andres"]
[Black "Obregon Rivero, Juan Carlos"]
[Result "0-1"]
[WhiteElo "2461"]
[BlackElo "2536"]
[Annotator "TA"]
[PlyCount "88"]
[EventDate "2022.02.12"]
[EventType "swiss"]
[EventCountry "MEX"]
[SourceTitle "playchess.com"]
[Source "ChessBase"]
[SourceQuality "1"]

{[%evp 9,88,-48,-41,-104,25,30,17,12,14,14,10,-26,-35,-47,-30,-109,0,-77,-78,-255,-207,-185,-183,-252,-69,-62,-40,-242,-243,-236,-244,-244,-244,-244,-239,-251,-251,-222,-222,-241,-247,-244,-244,-286,-279,-320,-292,-285,-241,-245,-242,-247,-242,-244,-229,-265,-276,-428,-377,-451,-391,-556,-556,-584,-564,-572,-566,-532,-509,-499,-386,-686,-686,-686,-686,-686,-686,-677,-675,-660,-639]} 1. d4 Nf6 2. Nc3 d5 3. Bf4 c5 4. e3 Qa5 5. Nf3 Ne4 $1 6. Be2 {D00: 1 d4 d5: Unusual lines.} (6. Bb5+ $15 Nc6 7. Rb1) 6... Nc6 (6... Nxc3 $17 7. bxc3 Qxc3+ 8. Kf1 Nc6) 7. O-O $11 Nxc3 8. bxc3 {The position is equal.} Qxc3 {[#]} 9. Rb1 $146 ({Predecessor:} 9. dxc5 e6 10. Bb5 Qxc5 11. Rb1 Bd6 12. Ne5 Bxe5 13. Bxe5 O-O 14. Bxc6 Qxc6 15. f4 {0-1 (37) Wolmarans,R (1509)-Samuels,E (1855) Boksburg 2020}) 9... c4 {Prevents Rb3.} 10. Rb5 e6 11. e4 dxe4 (11... a6 $5 {[%cal Ra6b5]} 12. Rb1 Be7 $17) 12. Ng5 (12. Bd2 $11 {remains equal.} Qa3 13. Ng5) 12... a6 (12... Nxd4 13. Nxe4 $1 Nxb5 14. Nxc3 Nxc3 15. Qd2 Nxe2+ 16. Qxe2 $16) ({Better is} 12... Qxd4 $17 {Threatens to win with ...h6.} 13. Qb1 h6) 13. Bh5 g6 14. d5 $2 axb5 15. dxc6 Qf6 (15... gxh5 16. Nxe4 Qg7 17. Bg5 $18) 16. g3 (16. Nxe4 {keeps fighting.} Qxf4 17. Qd4) 16... Be7 $2 (16... bxc6 17. Nxe4 Qf5 18. Bf3 $18) ({Black should try} 16... gxh5 $19 17. Nxe4 Qf5) 17. Nxe4 $15 Qf5 (17... Qg7 $5 {[%cal Rg6h5]} 18. Bf3 O-O 19. cxb7 Bxb7 $17) 18. Nd6+ $2 {White is now going downhill.} (18. Bf3 $1 $15 O-O 19. Bd6 Bxd6 20. Nxd6) 18... Bxd6 $19 19. Qxd6 {[%cal Of1d1] White wants to mate with Rd1!} Qd5 (19... Qxh5 20. Rd1 Qxd1+ 21. Qxd1 $18) 20. Bf3 Qxd6 (20... Qxf3 $2 21. Rd1 Qxd1+ 22. Qxd1 $18) 21. Bxd6 {[#] This bishop pair is nice.} Ra6 $1 22. Be5 f6 $1 23. Bxf6 ({Don't play} 23. cxb7 {[#]} Bxb7 $1 24. Bxb7 Rb6 25. Bxf6 Rf8 $19) 23... Rf8 24. cxb7 {[#]} Bxb7 {[%mdl 512]} 25. Bxb7 Rb6 26. Be5 {aiming for Be4.} ({Reject} 26. Bg7 Rf7 27. Bd4 Rbxb7) 26... Rxb7 {[%mdl 4096] Endgame KRR-KRB} 27. Rb1 Kf7 28. c3 Rd8 29. a4 Ra8 30. axb5 Ra5 31. Re1 {[%cal Ob5b6]} Rbxb5 ({Not} 31... Raxb5 $2 32. Re4) 32. Bd6 Rd5 33. Bf4 (33. Bc7 $142 Ra3 34. Be5) 33... e5 34. Bg5 Ke6 35. h4 (35. Re2 {was worth a try.}) 35... Ra3 36. Rb1 Rxc3 37. Rb8 Rd7 38. Kg2 Rb3 39. Re8+ Kf7 40. Rxe5 (40. Rh8) 40... Rc7 {Black is clearly winning.} 41. Bf4 c3 42. Re3 Rc8 43. Rf3 Kg8 44. Bh6 Rb1 {Weighted Error Value: White=0.52/Black=0.24 (precise)} 0-1

[Event "VIII Iberoamericano Mexico 2022"]
[Site "Mexico City"]
[Date "2022.02.19"]
[Round "8.5"]
[White "Almeida Quintana, Omar"]
[Black "Henderson de La Fuente, Lance"]
[Result "1/2-1/2"]
[WhiteElo "2535"]
[BlackElo "2494"]
[Annotator "TA"]
[PlyCount "40"]
[EventDate "2022.02.12"]
[EventType "swiss"]
[EventCountry "MEX"]
[SourceTitle "playchess.com"]
[Source "ChessBase"]
[SourceQuality "1"]

{[%evp 15,40,0,0,0,0,0,11,-14,25,18,13,-16,6,13,15,15,20,8,38,0,0,-16,-12,-70,-37,-75,-70]} 1. d4 d5 2. Nf3 c6 3. e3 Nf6 4. c4 e6 5. Nc3 Nbd7 6. Qc2 Bd6 7. g4 Nxg4 8. Rg1 Qf6 {8...f5 is not played anymore.} 9. Rxg4 {[#] Strongly threatening Be2. D45: Semi-Slav: 5 e3.} Qxf3 10. Rxg7 Nf6 {To avoid e4} 11. h3 {Prevents Ng4. The position is equal.} (11. Rg5 $5 {[%cal Rf1g2]} Qh1 12. f4 $11) 11... Kf8 12. Rg5 ({Of course not} 12. Bg2 Qh5 13. Rg3 Bxg3 14. fxg3 Rg8 $17) 12... Qh1 13. f4 {[#]} h6 $146 ({Predecessor:} 13... Rg8 14. Rxg8+ Kxg8 15. Qf2 Bd7 16. Bd2 Kh8 17. O-O-O Rg8 18. Qh4 Be7 19. Bd3 Qh2 20. Bxh7 {½-½ (46) Kubikova,H (2159)-Blazejova,J ICCF email 2015}) 14. Rg2 Rg8 $1 15. Rxg8+ Kxg8 16. Qf2 b5 17. cxb5 cxb5 18. Nxb5 Bb4+ 19. Kd1 (19. Nc3 $1 $11) 19... Bd7 {[%mdl 1024] [#] aiming for ...Bxb5. Black has compensation.} (19... Ba6 $5 {[%cal Ra6b5]} 20. a4 Kh7 21. Qc2+ Kh8 $15) 20. Nc3 Bxc3 {Weighted Error Value: White=0.17 (very precise) /Black=0.11 (very precise)} 1/2-1/2

[Event "VIII Iberoamericano Mexico 2022"]
[Site "Mexico City"]
[Date "2022.02.19"]
[Round "8.6"]
[White "Alonso Rosell, Alvar"]
[Black "Cardoso Cardoso, Jose Gabriel"]
[Result "1-0"]
[WhiteElo "2570"]
[BlackElo "2461"]
[Annotator "TA"]
[PlyCount "48"]
[EventDate "2022.02.12"]
[EventType "swiss"]
[EventCountry "MEX"]
[SourceTitle "playchess.com"]
[Source "ChessBase"]
[SourceQuality "1"]

{[%evp 11,48,14,20,27,30,18,28,29,40,20,55,40,70,55,112,111,156,101,110,104,127,63,144,123,134,146,172,165,600,606,727,355,374,356,331,252,644,624,1519]} 1. d4 {Ribli,Z} Nf6 2. c4 e6 3. g3 c5 4. Nf3 cxd4 5. Nxd4 Bb4+ 6. Bd2 Bc5 7. Nb3 {A32: Symmetrical English: 2 Nf3 Nf6 3 d4 cxd4 4 Nxd4 e6.} Be7 8. Bg2 {Threatens to win with Ba5.} Nc6 {Prevents Ba5.} 9. Nc3 {White has an edge.} d6 10. Bf4 {[#]} Ng4 $146 ({Predecessor:} 10... O-O 11. O-O Nh5 12. Be3 Ne5 13. c5 d5 14. Bd4 Nc6 15. e4 Nxd4 16. Qxd4 dxe4 17. Qxe4 Nf6 18. Qe5 Bd7 19. Bxb7 Qb8 20. Qxb8 Raxb8 {1-0 (36) Kasparov,G (2838)-Oral,T (2546) Prague 2001 CBM 086 [Ribli,Z]}) 11. O-O {[%cal Oc4c5]} Nge5 12. c5 O-O (12... dxc5 $14 13. Qxd8+ Bxd8) 13. cxd6 Bxd6 (13... Qxd6 $142 14. Qxd6 Bxd6) 14. Rc1 (14. Bxc6 $142 bxc6 15. Ne4) 14... Qe7 $16 15. Ne4 Bb8 16. Qc2 (16. Be3 $16) 16... Ng6 ({Black should try} 16... Nb4 $14 17. Qc5 (17. Qxc8 Nbc6 $11) 17... Qxc5 18. Nexc5 (18. Rxc5 Nd5 $14) 18... Nxa2) 17. Be3 {Strongly threatening Bc5. White is more active.} Rd8 18. Rfd1 $36 {[%mdl 2048] White has strong initiative.} Rxd1+ 19. Rxd1 {[%cal Ob3a5] Hoping for Na5!} e5 $2 {[#]} (19... Qe8 20. Bc5 a5) 20. Na5 $1 $18 {[%mdl 512]} Bd7 {[#]} (20... Bc7 21. Nxc6) 21. Nxb7 (21. Bg5 $142 $1 Qe6 22. Nxc6 Bxc6 23. Nc5) 21... Nd4 22. Bxd4 exd4 23. Nec5 ({Less strong is} 23. Rxd4 Be5 24. Rd2 Bf5 $18) 23... Bg4 $2 (23... Be5 24. Qe4 Bb5) 24. Rxd4 Ne5 {Weighted Error Value: White=0.36/Black=0.67} 1-0